Quick Pick: Number 'Three' Songs Quiz Stats

 Plays Quiz Updated Jun 19, 2017

Support Sporcle.
Go Orange.
Score 0/16 Timer 01:30
1 Play Today
% Correct
Mice
89.7%
Ain't
89%
Cigarettes
88.5%
Times
88%
Knock
85%
Cats
74.9%
Colors
74.8%
Gimme
73.4%
% Correct
MC's
71.2%
West
64.3%
Nights
62.7%
Echo
62.6%
Mile
60.1%
O'Clock
57.2%
Birds
44.1%
Pigs
40.7%

Today's Daily Dose

Missing Word
'Y-Z' Pairs

Quick Pick
MCU Directors

You're not logged in!

Compare scores with friends on all Sporcle quizzes.
OR
Log In
Forgot?

From the Vault

Do Their Borders Meet?

by hscer

This quiz borders on awesome!
Remove Ads.
Support Sporcle.
Get the best of Sporcle when you Go Orange. This ad-free experience offers more features, more stats, and more fun while also helping to support Sporcle. Thank you for becoming a member.

Show Comments

Extras

Top Quizzes Today


Score Distribution

Your Account Isn't Verified!

In order to create a playlist on Sporcle, you need to verify the email address you used during registration. Go to your Sporcle Settings to finish the process.

Report this User

Report this user for behavior that violates our Community Guidelines.

Details: